Por nuestra música (Record no. 161612)

MARC details
000 -LEADER
campo de control de longitud fija 01080nam a2200217 i 4500
001 - NÚMERO DE CONTROL
campo de control 161612
003 - IDENTIFICADOR DE NÚMERO DE CONTROL
campo de control ES-MaACL
005 - FECHA Y HORA DE LA ÚLTIMA TRANSACCIÓN
campo de control 20230907165946.0
008 - DATOS DE LONGITUD FIJA--INFORMACIÓN GENERAL
campo de control de longitud fija 990629s1891 sp g |||| | spa d
040 ## - FUENTE DE CATALOGACIÓN
Centro catalogador/agencia de origen CCPB | B
Lengua de catalogación spa
Centro/agencia transcriptor CCPB | B
100 1# - ENTRADA PRINCIPAL--NOMBRE DE PERSONA
Nombre de persona Pedrell, Felipe,
Fechas asociadas al nombre 1841-1922
9 (RLIN) 89905
245 10 - MENCIÓN DEL TÍTULO
Título Por nuestra música
Resto del título : algunas observaciones sobre la magna cuestión de una escuela lírico nacional, motivadas por la Trilogía (tres cuadros y un prólogo) Los Pirineos, poema de D. Víctor Balaguer, música del que suscribe /
Mención de responsabilidad, etc. y expuestas por Felipe Pedrell.
260 ## - PUBLICACIÓN, DISTRIBUCIÓN, ETC.
Lugar de publicación, distribución, etc. Barcelona :
Nombre del editor, distribuidor, etc. [s.n.],
Fecha de publicación, distribución, etc. 1891 (
Fabricante Imp. de Henrich y Cª)
300 ## - DESCRIPCIÓN FÍSICA
Extensión 134 p. :
Otras características físicas música ;
Dimensiones 20 cm.
530 ## - NOTA DISPONIBLE DE FORMULARIO FÍSICO ADICIONAL
Nota de formato físico adicional disponible Disponible en formato digital.
600 17 - PUNTO DE ACCESO ADICIONAL DE MATERIA--NOMBRE DE PERSONA
Nombre de persona Pedrell, Felipe,
Fechas asociadas al nombre 1841-1922
Fuente del encabezamiento o término embne
9 (RLIN) 89905
700 1# - ENTRADA AGREGADA--NOMBRE PERSONAL
Nombre de persona Balaguer, Víctor,
Fechas asociadas al nombre 1824-1901
9 (RLIN) 24806
852 ## - LOCALIZACIÓN
Ubicación ES-MaACL
Número de control de estantería T-584-F-4
Nota libre -- Enc. hol., conservando la cub. original
-- -- Enc. en un vol. facticio
856 ## - LOCALIZACIÓN Y ACCESO ELECTRÓNICOS
Identificador Uniforme de Recursos <a href="http://bdh-rd.bne.es/viewer.vm?id=0000047387&page=1 ">http://bdh-rd.bne.es/viewer.vm?id=0000047387&page=1 </a>
Nota pública Biblioteca Digital Hispánica
Holdings
Estatus retirado Estado de pérdida Estado de daño No para préstamo Colección Biblioteca de origen Biblioteca actual Ubicación en estantería Fecha de adquisición Total de préstamos Signatura topográfica completa Código de barras Visto por última vez Precio de reemplazo Tipo de ítem Koha
        Colección de folletos Biblioteca del Ateneo de Madrid Biblioteca del Ateneo de Madrid Depósito folletos 17/01/2008   T-584-F-4 1169290 23/02/2023 23/02/2023 Folleto